000 00722cam a2200241 4500
001 sa 68013737
003 DLC
005 20260227112625.0
008 691209s1967 ii a s 00000 eng
010 _asa 68013737 //r862
025 _aPL480:I-E-10918
043 _aa-ii---
050 0 _aHE560.M26
_bA45
082 _a387.1/0954/82
110 2 0 _aMadras Port Trust Board.
_bPlanning and Research Cell.
245 1 0 _aStatistical hand book.
260 0 _a[Madras]
_c1967.
300 _aii, 122 p.
_billus.
_c31 cm.
350 _a10.00
500 _a"Issued under the authority of the chairman, Madras Port Trust."
650 0 _aShipping
_zIndia
_zMadras
_xStatistics.
650 0 _aHarbors
_zIndia
_zMadras
_xStatistics.
999 _c85305
_d85305